Essentials of Wesleyan theology : (Record no. 19298)

MARC details
000 -LEADER
fixed length control field 00820nam a22002412 4500
001 - CONTROL NUMBER
control field 0000020130
003 - CONTROL NUMBER IDENTIFIER
control field OSt
005 - DATE AND TIME OF LATEST TRANSACTION
control field 20140825165146.0
008 - FIXED-LENGTH DATA ELEMENTS--GENERAL INFORMATION
fixed length control field 110802s1980 xx a 000 0 eng d
020 ## - INTERNATIONAL STANDARD BOOK NUMBER
International Standard Book Number 0310391512
040 ## - CATALOGING SOURCE
Original cataloging agency PUL
Transcribing agency PUL
050 ## - LIBRARY OF CONGRESS CALL NUMBER
Classification number BX8331.2
Item number .M48 1980
100 1# - MAIN ENTRY--PERSONAL NAME
Personal name Mickey,paul A,
Dates associated with a name 1937-.
245 10 - TITLE STATEMENT
Title Essentials of Wesleyan theology :
Remainder of title contemporary evangelical persepectives /
Statement of responsibility, etc paul A,Mickey.
260 ## - PUBLICATION, DISTRIBUTION, ETC. (IMPRINT)
Place of publication, distribution, etc United states of America :
Name of publisher, distributor, etc Zondervan corporation,
Date of publication, distribution, etc 1980.
300 ## - PHYSICAL DESCRIPTION
Extent 185 p. :
Other physical details ill ;
Dimensions 20 cm.
650 #0 - SUBJECT ADDED ENTRY--TOPICAL TERM
Topical term or geographic name as entry element Junaluska affirmation of scriptural christianity for united methodists.
650 #0 - SUBJECT ADDED ENTRY--TOPICAL TERM
Topical term or geographic name as entry element Methodists church
General subdivision Doctrinal and controversial works.
650 #0 - SUBJECT ADDED ENTRY--TOPICAL TERM
Topical term or geographic name as entry element United methodist church.
650 #0 - SUBJECT ADDED ENTRY--TOPICAL TERM
Topical term or geographic name as entry element Evangelicalism
General subdivision united states.
908 ## - PUT COMMAND PARAMETER (RLIN)
Put command parameter 110802
942 ## - ADDED ENTRY ELEMENTS (KOHA)
Source of classification or shelving scheme Library of Congress Classification
Koha item type General circulation books
Holdings
Withdrawn status Lost status Source of classification or shelving scheme Damaged status Not for loan Home library Current library Date acquired Total Checkouts Full call number Barcode Date last seen Price effective from Koha item type
    Library of Congress Classification     Presbyterian University of East Africa - Main Library Presbyterian University of East Africa - Main Library 26/12/2012   BX8331.2 .M48 1980 140020000013 26/12/2012 26/12/2012 General circulation books
© Customized & Maintained by Eunice Ngesa